<?xml version="1.0" encoding="UTF-8"?><?xml-stylesheet type="text/xsl" href="static/style.xsl"?><OAI-PMH xmlns="http://www.openarchives.org/OAI/2.0/" xmlns:xsi="http://www.w3.org/2001/XMLSchema-instance" xsi:schemaLocation="http://www.openarchives.org/OAI/2.0/ http://www.openarchives.org/OAI/2.0/OAI-PMH.xsd"><responseDate>2026-04-27T21:46:28Z</responseDate><request verb="GetRecord" identifier="oai:uvadoc.uva.es:10324/3892" metadataPrefix="marc">https://uvadoc.uva.es/oai/request</request><GetRecord><record><header><identifier>oai:uvadoc.uva.es:10324/3892</identifier><datestamp>2021-05-22T02:12:01Z</datestamp><setSpec>com_10324_38</setSpec><setSpec>col_10324_787</setSpec></header><metadata><record xmlns="http://www.loc.gov/MARC21/slim" xmlns:doc="http://www.lyncode.com/xoai" xmlns:xsi="http://www.w3.org/2001/XMLSchema-instance" xmlns:dcterms="http://purl.org/dc/terms/" xsi:schemaLocation="http://www.loc.gov/MARC21/slim http://www.loc.gov/standards/marcxml/schema/MARC21slim.xsd">
<leader>00925njm 22002777a 4500</leader>
<datafield tag="042" ind1=" " ind2=" ">
<subfield code="a">dc</subfield>
</datafield>
<datafield tag="720" ind1=" " ind2=" ">
<subfield code="a">Zamorano Lefort, María Ignacia</subfield>
<subfield code="e">author</subfield>
</datafield>
<datafield tag="260" ind1=" " ind2=" ">
<subfield code="c">2013</subfield>
</datafield>
<datafield tag="520" ind1=" " ind2=" ">
<subfield code="a">Este  trabajo  de  investigación  cualitativa,    tiene  como  objetivo  comprender  y analizar las experiencias de  los niños y niñas a través de talleres de Arteterapia realizados en dos grupos de una misma institución con realidades familiares diferentes, en el contexto de  prácticas profesionales.&#xd;
&#xd;
Para desarrollar esta experiencias se realiza un estudio de caso colectivo comparativo de dos realidades,  dos dispositivos de la organización internacional Aldeas Infantiles SOS., sede España.  El primero  de ellos es una Aldea y el segundo un Centro de Día.&#xd;
&#xd;
La investigadora Arteterapeuta en formación, recoge los datos por medio de un diario de campo, hoja de registro, registro de imágenes fotográficas.&#xd;
&#xd;
Palabras clave, Infancia, vínculo afectivo, Arteterapia,    inclusión social, vulnerabilidad.</subfield>
</datafield>
<datafield tag="024" ind2=" " ind1="8">
<subfield code="a">http://uvadoc.uva.es/handle/10324/3892</subfield>
</datafield>
<datafield ind1=" " ind2=" " tag="653">
<subfield code="a">Terapia artística</subfield>
</datafield>
<datafield ind1=" " ind2=" " tag="653">
<subfield code="a">Niños-Protección, asistencia, etc.</subfield>
</datafield>
<datafield tag="245" ind1="0" ind2="0">
<subfield code="a">Arterapia como camino para disminuir la vulnerabilidad en niños de alto riesgo de exclusión social</subfield>
</datafield>
</record></metadata></record></GetRecord></OAI-PMH>